| 000 | 00623nam a2200193Ia 4500 | ||
|---|---|---|---|
| 999 |
_c49453 _d49453 |
||
| 001 | 16376 | ||
| 003 | GE_BSU | ||
| 005 | 20190715174706.0 | ||
| 008 | 181216s2002||||en |||||||||||||| ||eng|| | ||
| 020 | _a978157443172 | ||
| 080 | _a004.45 C-55 | ||
| 100 |
_aChorafas,Dimitris N _93230 |
||
| 245 |
_aEnterprise Architecture and new generation information system / _cDimitris N , Chorafas |
||
| 264 |
_aLondon : _bST. LUClE PRESS, _c2002. |
||
| 300 |
_a361 p .: _bill ; _c24 cm. |
||
| 653 | _aEnterprise Architecture and new generation information system | ||
| 653 | _aინფორმატიკა | ||
| 942 |
_cBK _2udc |
||